| 000 | 01227nam a22003131i 4500 | ||
|---|---|---|---|
| 003 | SA-RiAUC | ||
| 005 | 20250111113113.0 | ||
| 008 | 250108s2006 su g 0001p ara c | ||
| 020 | _a996052888<U+00D7> | ||
| 020 | _a996052888X | ||
| 020 | _a9960466329 | ||
| 020 | _a996052888x | ||
| 040 |
_aSA-MaUQU _bara _cSA-RiAUC _erda |
||
| 082 | 0 | 4 |
_a811.9531 _qSA-RiAUC |
| 090 |
_a811.9531 _bج و هـ |
||
| 100 | 1 |
_aجوهرجي، محمد إسماعيل، _d1356-1436 هجري _eمؤلف. |
|
| 245 | 1 | 2 |
_aالأعمال الشعرية / _cمحمد إسماعيل جوهرجي. |
| 250 | _aالطبعة الأولى. | ||
| 264 | 1 |
_aجدة، السعودية : _bمحمد إسماعيل جوهرجي، _c2006 |
|
| 300 |
_a943 صفحة ؛ _c24 سم |
||
| 336 |
_aنص _btxt _2rdacontent _3كتاب |
||
| 337 |
_aبدون وسيط _bn _2rdamedia |
||
| 338 |
_aمجلد _bnc _2rdacarrier |
||
| 650 | 7 |
_aالشعر العربي _zالسعودية _yقرن 14 هجري _2aucsh |
|
| 650 | 7 |
_aالأدب العربي _zالسعودية _yقرن 14 هجري _vمجموعات _2aucsh |
|
| 650 | 7 |
_aالنثر العربي _zالسعودية _yقرن 14 هجري _2aucsh |
|
| 942 |
_2ddc _cBOOK _n0 |
||
| 949 |
_aSA-JeALM _d250108 _umohamedma123 _n1 |
||
| 999 |
_c4587 _d4587 |
||